Israel: Aghaz se anjam ki taraf (Record no. 71133)

000 -LEADER
fixed length control field 00463nam a22001697a 4500
003 - CONTROL NUMBER IDENTIFIER
control field NUST - PNEC
005 - DATE AND TIME OF LATEST TRANSACTION
control field 20170116181154.0
008 - FIXED-LENGTH DATA ELEMENTS--GENERAL INFORMATION
fixed length control field 160111b xxu||||| |||| 00| 0 eng d
020 ## - INTERNATIONAL STANDARD BOOK NUMBER
International Standard Book Number -
040 ## - CATALOGING SOURCE
Transcribing agency LIBRARY
082 ## - DEWEY DECIMAL CLASSIFICATION NUMBER
Classification number 956.94 MEE
100 ## - MAIN ENTRY--PERSONAL NAME
9 (RLIN) 15785
Personal name Meer Babar Mushtaq
245 ## - TITLE STATEMENT
Title Israel: Aghaz se anjam ki taraf
Statement of responsibility, etc. Meer Babar Mushtaq
260 ## - PUBLICATION, DISTRIBUTION, ETC.
Place of publication, distribution, etc. Karachi:
Name of publisher, distributor, etc. Tawakal Academy;
Date of publication, distribution, etc. c2011.
650 ## - SUBJECT ADDED ENTRY--TOPICAL TERM
9 (RLIN) 15786
Topical term or geographic name entry element Israel, History
General subdivision General
942 ## - ADDED ENTRY ELEMENTS (KOHA)
Source of classification or shelving scheme
Koha item type Book
Holdings
Withdrawn status Lost status Source of classification or shelving scheme Damaged status Not for loan Permanent Location Current Location Shelving location Date acquired Total Checkouts Full call number Barcode Date last seen Price effective from Koha item type
          Pakistan Navy Engineering College (PNEC) Pakistan Navy Engineering College (PNEC)       956.94 MEE PNECLIB-031904 01/11/2016   Book
© 2023 Central Library, National University of Sciences and Technology. All Rights Reserved.